000 00346 a2200133 4500
000 nam a22 7a 4500
100 _a Malika, Bohra
110 _a Malika, Bohra
245 _aBharatiya Itihas ka Vividh Aayam
250 _alatest edition
260 _bArjun Publishing house
_c2026
264 _bArjun Publishing house
_c2026
942 _cBK
999 _c395366
_d395366